|
|
|
|
| LEADER |
00000cam a2200000 4500 |
| 003 |
SK-MaSNL |
| 005 |
20260331100314.0 |
| 008 |
260319s2025 xo a a 000 f slo |
| 015 |
|
|
|a SNBA2026/03
|
| 020 |
|
|
|a 9788071406433
|q (viazané)
|
| 038 |
|
|
|a SNK
|
| 040 |
|
|
|a SNK
|b slo
|c SNK
|e rda
|
| 041 |
0 |
|
|a slo
|a eng
|h slo
|
| 044 |
|
|
|a xo
|c SK
|
| 072 |
|
7 |
|a 821.162.4-3
|x Slovenská próza
|2 konspekt
|
| 072 |
|
7 |
|a 821-93
|x Literatúra pre deti a mládež (beletria)
|2 konspekt
|
| 080 |
|
|
|a 821.162.4-34
|2 2011
|
| 080 |
|
|
|a 82-93-053.4/.5
|2 2011
|
| 080 |
|
|
|a (0.027)=030
|2 2011
|
| 100 |
1 |
|
|a Bočkayová-Vaseková, Renáta,
|d 1970-
|4 aut
|9 225275
|
| 245 |
1 |
0 |
|a Kačička Slamka
|b každý je výnimočný
|c Renáta Bočkayová ; ilustrovala Andrea Gabošová
|
| 246 |
3 |
1 |
|a Duckling Slamka
|b everyone is extraordinary
|
| 246 |
3 |
0 |
|a Každý je výnimočný
|
| 246 |
3 |
0 |
|a Everyone is extraordinary
|
| 250 |
|
|
|a Prvé vydanie
|
| 264 |
|
1 |
|a [Liptovský Mikuláš]
|b Tranoscius
|c 2025
|
| 300 |
|
|
|a 76 strán
|b ilustrácie
|c 27 cm
|
| 336 |
|
|
|a text
|b txt
|2 rdacontent
|
| 336 |
|
|
|a statický obraz
|b sti
|2 rdacontent
|
| 337 |
|
|
|a bez média
|b n
|2 rdamedia
|
| 338 |
|
|
|a zväzok
|b nc
|2 rdacarrier
|
| 500 |
|
|
|a Miesto vydania podľa NA ISBN
|
| 500 |
|
|
|a Bilingválne slovensko-anglické vydanie
|
| 500 |
|
|
|a Preložené pravdepodobne zo slovenčiny
|
| 546 |
|
|
|a Súbežný text a názov anglicky
|
| 655 |
|
7 |
|a slovenské rozprávky
|2 SNKPH
|9 70528
|
| 655 |
|
7 |
|a literatúra pre deti
|2 SNKPH
|9 87135
|
| 655 |
|
7 |
|a dvojjazyčné vydania
|2 SNKPH
|9 79030
|
| 655 |
|
7 |
|a Slovak fairy tales
|2 SNKPHeng
|9 292250
|
| 655 |
|
7 |
|a Children's literature
|2 SNKPHeng
|9 276039
|
| 655 |
|
7 |
|a Bilingual editions
|2 SNKPHeng
|9 311380
|
| 700 |
1 |
|
|a Gabošová, Andrea
|4 ill
|9 571449
|
| 700 |
1 |
|
|a Hricko, Michal
|4 bjd
|9 402757
|
| 710 |
2 |
|
|a OpenAI ChatGPT
|4 trl
|9 1635157
|
| 852 |
|
|
|a Slovenská národná knižnica
|
| 919 |
|
|
|a 978-80-7140-643-3
|
| 954 |
|
|
|a beletria pôvodná (slovenská)
|2 lita
|
| 958 |
|
|
|a LX
|
| 958 |
|
|
|a DB
|
| 958 |
|
|
|a UP
|
| 968 |
|
|
|b SLO
|
| 999 |
|
|
|c 3367839
|d 3369769
|
| 952 |
|
|
|t 1
|a SNK
|b SNK
|c SNK_KF
|y PREZ
|7 8
|p 17A1585000
|o snkSB 102507
|i snk2026/3931
|8 0
|0 0
|1 0
|2 udc
|4 0
|d 2026-03-19
|l 0
|r 2026-03-19 12:10:07
|w 2026-03-19
|
| 952 |
|
|
|t 2
|a SNK
|b SNK
|y VYP
|7 0
|p 17A1585001
|o snkSB 102507 D1
|i snk2026/3932
|8 0
|0 0
|1 0
|2 udc
|4 0
|d 2026-03-19
|l 0
|r 2026-03-19 12:10:00
|w 2026-03-19
|